| 000 | 00517nam a22001937a 4500 | ||
|---|---|---|---|
| 003 | SISC | ||
| 005 | 20160303091856.0 | ||
| 008 | 130723t xxu||||| |||| 00| 0 eng d | ||
| 050 |
_aPZ 8 _b.M135 1995 |
||
| 082 |
_aCLA M14p _b1995 |
||
| 100 |
_aMacDonald, George _92869 |
||
| 245 |
_aThe Princess and the Goblin. _cGeorge MacDonald |
||
| 260 |
_aHertfordshire : _bWordsworth Editions, Ltd, . _cc1995. |
||
| 300 |
_a221 p. _c18 cm. |
||
| 562 | _e1 | ||
| 650 |
_aFiction _9746 |
||
| 942 |
_2lcc _cBK |
||
| 999 |
_c7408 _d7408 |
||